Quiz o Nowym Jorku - Statystyki

Ogólne statystyki
  • Ten quiz został rozwiązany 83 razy
  • Średni wynik to 11 z 15
Statystyki odpowiedzi
Wskazówka Odpowiedź % Poprawnych
Stan, w którym znajduje się Nowy Jork Nowy Jork
100%
Dzielnice Nowego Jorku Manhattan
92%
Największy park w Nowym Jorku Central Park
91%
Dzielnice Nowego Jorku Bronx
87%
Kompleks siedmiu budynków, który został zniszczony 11 września 2001 roku wskutek zamachu terrorystycznego World Trade Center
85%
Dzielnice Nowego Jorku Brooklyn
83%
Jeden z najpopularniejszych budynków w mieście. Najwyższy budynek na świecie od 1931 do 1971 roku. Empire State Building
81%
Stara nazwa Nowego Jorku Nowy Amsterdam
74%
Dzielnice Nowego Jorku Queens
74%
Największe lotnisko w Nowym Jorku Lotnisko Johna F. Kennedy'ego
70%
Rzeka przepływająca przez Nowy Jork Hudson | East River
66%
Dzielnice Nowego Jorku Staten Island
57%
Znany plac, na którym co roku odbywa się noworoczne wydarzenie "Ball Drop" Times Square
51%
Najwyższy w USA budynek znajdujący się w Nowym Jorku One World Trade Center
43%
Budynek, który brał udział w wyścigu na wysokość z powyższym Chrysler Building
25%
Nie znaleziono quizów pasujących do podanych kryteriów
Rozkład punktacji
Procent ludzi z każdym wynikiem
Percentyl według liczby udzielonych odpowiedzi
Twoja historia wyników
Nie rozwiązałeś tego quizu